00622nam a2200217Ia 4500003000400000005001700004008004100021020001800062040001800080041000800098082001900106100002400125245006300149250001200212260004600224300002800270440001100298650004900309650002400358650002200382OSt20260310105213.0210716s2019 xx 000 0 und d a9789389307504 cAIMIT LIBRARY aeng a511.221bAROJ aArora, Jyoti Kumar. aComprehensive applied mathematics /cBy Jyoti Kumar Arora. a1st ed. aNew Delhi :bWiley India Pvt Ltd ,c2019. axi,743p. ;bPBc23.7 cm vVol- 1 aSequence and series : arithmetic progression aLimit of a function aPartial fractions